Premiér na hrádzi

Bibliographic Details
Format: Article
Language:Slovak
PhysicalDescription:Fotogr.
ISSN:1338-0346
Subjects:

MARC

LEADER 00000nab a2200000 a 4500
001 vtls010561496
003 SK-MaSNL
005 20260303200932.0
008 131129c2013 xo wr n 0 0slo
038 |a SLLK 
040 |a SLLK  |b slo  |c sllk  |e AACR2 
041 |a slo 
044 |a xo  |c SK 
080 |a 627.51  |2 2001 
245 0 0 |a Premiér na hrádzi  |c Text a foto (hm) 
300 |b Fotogr. 
600 1 7 |a Fico, Robert,  |d 1964-  |2 SNKMA  |9 13683 
648 7 |a 2013  |2 SNK  |9 324251 
650 0 7 |a protipovodňové hrádze  |2 sllk  |9 94177 
650 0 7 |a pracovné návštevy  |2 SNKPH  |9 69996 
651 7 |a Mýtna ulica (Stará Ľubovňa, Slovensko)  |2 sllk  |9 1022395 
651 7 |a Stará Ľubovňa (Slovensko)  |2 sllk  |9 19193 
773 0 |t Ľubovnianske noviny  |g Roč. XXXVIII, č. 43 (2013), s. 1  |x 1338-0346 
999 |c 2170671  |d 2172601